• 首页
  • 本馆介绍
  • 公告通知
  • 最新文献
  • 馆藏检索
  • 电子资源
  • 读者导购
  • 参考咨询
  • 我的图书馆
  • 登录
  • 详细信息显示
  • 放入我的书架
  • 预约/预借图书
  • 作者相关作品
  • 分类相关作品
  • 丛书相关作品
  • 出版社相关作品

书目信息

  • 表格格式
  • 工作单格式
  • 卡片格式
题名:
日汉世界地名译名词典
    
 
作者: 李守贞 , 钱端义 编
分册:  
出版信息: 北京   新华出版社  1984
页数: 626页
开本: 19cm
丛书名:
单 册:
中图分类: K91-61
科图分类:
主题词: 地理--世界
电子资源:
ISBN:
000 00693nam0 2200253 45
001 0184002941
005 20031207071449.1
010    @b精装@dCNY4.60
091    @a17203.015
100    @a19950619d1984 em y0chiy0121 ea
101 0  @achi@ajpn
102    @aCN@b110000
105    @ay e 000yy
106    @ar
200 10 @a日汉世界地名译名词典@Ari han shi jie di ming yi ming ci dian@f李守贞,钱端义编
210    @a北京@c新华出版社@d1984
215    @a626页@d19cm
606 0  @a地理@x世界
690    @aK91-61
701  0 @a李守贞@Ali shou zhen@4编
701  0 @a钱端义@Aqian duan yi@4编
801  0 @aCN@b上海图书馆@c20031207
801  2 @aCN@bNLC@c20031207
905    @f1@b215379@dK91-61@e61
    
    日汉世界地名译名词典/李守贞,钱端义编.-北京:新华出版社,1984
    626页;19cm
    
    
    ISBN (精装):CNY4.60
    
●
相关链接 在E读中查询图书 在五车中查询图书 在当当中查询图书 在豆瓣中查询图书


正题名:日汉世界地名译名词典     索取号:K91-61/61         预约/预借

序号 登录号 条形码 馆藏地/架位号 状态 备注
1 0215379   001848807   密集书库/ [索取号:K91-61/61] 在馆    
唐山师范学院图书馆 欢迎您!
大连网信软件有限公司© 版权所有